[Event "Hastings Masters"]
[Site "Hastings"]
[Date "2007.01.01"]
[Round "5.3"]
[White "Pavlovic, Milos"]
[Black "Williams, Simon K"]
[Result "1-0"]
[WhiteElo "2507"]
[BlackElo "2473"]
[PlyCount "79"]
[EventDate "2006.12.28"]
[SourceDate "2006.12.28"]

1. Nf3 e6 2. g3 f5 3. Bg2 Nf6 4. O-O Be7 5. b3 O-O 6. Bb2 a5 7. c4 a4 8. d4 Ne4
9. bxa4 d5 10. Nc3 c6 11. Ne5 Qa5 12. Bxe4 dxe4 13. c5 Nd7 14. Nc4 Qd8 15. f3
e5 16. e3 exf3 17. Qxf3 e4 18. Qe2 Qe8 19. Nd6 Bxd6 20. cxd6 Nf6 21. d5 Ng4 22.
Rad1 Bd7 23. dxc6 bxc6 24. Qc4+ Kh8 25. Ne2 Qh5 26. h4 Qh6 27. Bd4 Bc8 28. Qc5
Ba6 29. Rd2 Bxe2 30. Rxe2 Qe6 31. Rb2 Rf7 32. a5 h6 33. Bc3 Kh7 34. Rd2 Raa7
35. h5 g6 36. Qd4 Nf6 37. Rdf2 c5 38. hxg6+ Kxg6 39. Qxc5 Nd5 40. Rd2 1-0

[Event "Hastings Masters"]
[Site "Hastings"]
[Date "2007.01.01"]
[Round "5.4"]
[White "Cherniaev, Alexander"]
[Black "Haslinger, Stewart"]
[Result "1/2-1/2"]
[WhiteElo "2472"]
[BlackElo "2438"]
[PlyCount "40"]
[EventDate "2006.12.28"]
[SourceDate "2006.12.28"]

1. e4 e5 2. Nf3 Nc6 3. Bc4 Bc5 4. c3 Nf6 5. d3 d6 6. O-O a6 7. Bb3 O-O 8. Bg5
h6 9. Bh4 Be6 10. Nbd2 Re8 11. Kh1 Rb8 12. Bd5 Ba7 13. Nc4 Qe7 14. Ne3 Nd8 15.
Nf5 Bxf5 16. exf5 Kh7 17. Qe2 g5 18. fxg6+ fxg6 19. Bxf6 Qxf6 20. Nd2 Ne6
1/2-1/2

[Event "Hastings Masters"]
[Site "Hastings"]
[Date "2007.01.01"]
[Round "5.5"]
[White "Rendle, Thomas"]
[Black "Ikonnikov, Vyacheslav"]
[Result "0-1"]
[WhiteElo "2382"]
[BlackElo "2588"]
[PlyCount "58"]
[EventDate "2006.12.28"]
[SourceDate "2006.12.28"]

1. e4 c5 2. Nf3 Nc6 3. Bb5 g6 4. Bxc6 dxc6 5. d3 Bg7 6. h3 b6 7. Nc3 f6 8. O-O
Nh6 9. Be3 O-O 10. d4 Ba6 11. Re1 cxd4 12. Nxd4 Qc8 13. e5 Nf7 14. exf6 exf6
15. f4 c5 16. Nc6 Qb7 17. Nd5 Rae8 18. Qf3 Kh8 19. Nce7 Rxe7 20. Nxe7 Qxe7 21.
Bd4 Qc7 22. Bc3 Bb7 23. Qg3 Ng5 24. Qg4 Ne4 25. Rad1 Nxc3 26. bxc3 f5 27. Qg3
Be4 28. Re2 Bh6 29. Rf2 g5 0-1

[Event "Hastings Masters"]
[Site "Hastings"]
[Date "2007.01.01"]
[Round "5.6"]
[White "Houska, Jovanka"]
[Black "Pert, Nicholas"]
[Result "1/2-1/2"]
[WhiteElo "2364"]
[BlackElo "2502"]
[PlyCount "22"]
[EventDate "2006.12.28"]
[SourceDate "2006.12.28"]

1. e4 e6 2. d4 d5 3. Nc3 Bb4 4. e5 c5 5. Bd2 Ne7 6. Nb5 Bxd2+ 7. Qxd2 O-O 8. f4
b6 9. Nf3 Ba6 10. Nd6 Bxf1 11. Rxf1 Nbc6 1/2-1/2

[Event "Hastings Masters"]
[Site "Hastings"]
[Date "2007.01.01"]
[Round "5.7"]
[White "Marusenko, Petr"]
[Black "Lalic, Bogdan"]
[Result "1/2-1/2"]
[WhiteElo "2330"]
[BlackElo "2491"]
[PlyCount "27"]
[EventDate "2006.12.28"]
[SourceDate "2006.12.28"]

1. e4 c5 2. Nf3 e6 3. d3 Nc6 4. g3 d5 5. Nbd2 Bd6 6. Bg2 Nge7 7. O-O O-O 8. Nh4
b6 9. f4 {(=)} dxe4 10. dxe4 Ba6 11. Re1 Bc7 12. c3 Qd7 13. Bf1 Bxf1 14. Nxf1
1/2-1/2

[Event "Hastings Masters"]
[Site "Hastings"]
[Date "2007.01.01"]
[Round "5.8"]
[White "Narayanan, Srinath"]
[Black "Greet, Andrew"]
[Result "0-1"]
[WhiteElo "2141"]
[BlackElo "2439"]
[PlyCount "70"]
[EventDate "2006.12.28"]
[SourceDate "2006.12.28"]

1. e4 e5 2. Nf3 Nc6 3. Bc4 Nf6 4. d3 Be7 5. O-O O-O 6. Bb3 d6 7. c3 Na5 8. Bc2
c5 9. Nbd2 Nc6 10. Re1 Qc7 11. h3 Be6 12. Qe2 Nh5 13. Nf1 g6 14. a3 Rad8 15.
Bh6 Rfe8 16. Ba4 a6 17. d4 b5 18. d5 bxa4 19. dxe6 fxe6 20. Qc4 Qd7 21. Qxa4
Nd4 22. Qd1 Nxf3+ 23. Qxf3 c4 24. Nd2 Qc6 25. Qe2 Rc8 26. g3 Bf8 27. Bxf8 Rxf8
28. Rad1 Rf7 29. Kg2 Nf6 30. b4 cxb3 31. Nxb3 Rcf8 32. c4 {(=)} Nxe4 33. Na5
Rxf2+ 34. Kg1 Qc5 35. Qe3 Rf1+ 0-1

[Event "Hastings Masters"]
[Site "Hastings"]
[Date "2007.01.01"]
[Round "5.9"]
[White "Hendriks, Willy"]
[Black "Huss, Andreas"]
[Result "1/2-1/2"]
[WhiteElo "2439"]
[BlackElo "2338"]
[PlyCount "97"]
[EventDate "2006.12.28"]
[SourceDate "2006.12.28"]

1. e4 e6 2. d4 d5 3. e5 c5 4. c3 Qb6 5. Nf3 Nc6 6. a3 c4 7. Nbd2 f6 8. Be2 fxe5
9. Nxe5 Nxe5 10. dxe5 Bc5 11. O-O Ne7 12. Bh5+ g6 13. Bg4 h5 14. Be2 Bd7 15.
Rb1 Rf8 16. Nf3 Qc7 17. Bg5 O-O-O 18. Qd2 Rf7 19. Rbe1 Rdf8 {(=)} 20. Bxe7 Bxe7
21. Nd4 Bc5 22. f4 Ba4 23. Kh1 Qb6 24. Rf3 Bxd4 25. cxd4 Rf5 26. Ref1 Qc7 27.
R3f2 Qe7 28. g4 hxg4 29. Bxg4 R5f7 30. Qa5 Bd7 31. Qxa7 g5 32. Qa8+ Kc7 33.
Qa5+ b6 34. Qa7+ Kc6 35. Bd1 Rxf4 36. Rxf4 Rxf4 37. Rxf4 gxf4 38. Ba4+ b5 39.
Qa6+ Kc7 40. Bxb5 Bxb5 41. Qa7+ Kd8 42. Qb8+ Kd7 43. Qxb5+ Kc8 44. Qc6+ Kb8 45.
Qb6+ Kc8 46. Qb4 Qh7 47. Qc5+ Kb7 48. Qb5+ Ka7 49. Qa5+ 1/2-1/2

[Event "Hastings Masters"]
[Site "Hastings"]
[Date "2007.01.01"]
[Round "5.10"]
[White "Wallace, John Paul"]
[Black "Ledger, David"]
[Result "1/2-1/2"]
[WhiteElo "2418"]
[BlackElo "2276"]
[PlyCount "140"]
[EventDate "2006.12.28"]
[SourceDate "2006.12.28"]

1. d4 f5 2. Bg5 h6 3. Bh4 g5 4. Bg3 Nf6 5. e3 Bg7 6. h4 g4 7. h5 d6 8. Bc4 Nc6
9. Ne2 e5 10. dxe5 dxe5 11. Qxd8+ Kxd8 12. Nbc3 Bd7 13. O-O-O Kc8 14. Rd2 Re8
15. Rhd1 Na5 16. Bf7 Re7 17. Bg6 Nc4 18. Rxd7 Nxd7 19. Nd5 Re6 20. Bf7 Rd6 21.
Ne7+ Kd8 22. Nxf5 Rxd1+ 23. Kxd1 Nd6 24. Nxd6 cxd6 25. Be6 Nf6 26. Bh4 Kc7 27.
Nc3 Kc6 28. Bxf6 Bxf6 29. Nd5 Bh4 30. g3 Re8 31. Nb4+ Kc5 32. Nd3+ Kc6 33. Bxg4
Bf6 34. e4 a5 35. c4 Bd8 36. a4 Bb6 37. Ke2 Bd4 38. b3 Kc7 39. Bf5 Kd8 40. Kf3
Ke7 41. Kg4 Kf6 42. f4 Re7 43. Kf3 Rc7 44. Ke2 Rc6 45. Bd7 Rc7 46. Bf5 Rc6 47.
Bd7 Rc7 48. Be8 Rc8 49. Bg6 Rc6 50. Kd1 Be3 51. Be8 Rc8 52. Bg6 Rc6 53. Kc2 Rc7
54. Kc3 Bd4+ 55. Kd2 Rg7 56. Nc1 Rg8 57. Ne2 Bf2 58. Kd3 Rc8 59. Bf5 Rg8 60.
Bg6 Rc8 61. Kd2 Bc5 62. Kd3 Bf2 63. Nc3 Rc5 64. Nd5+ Rxd5+ 65. cxd5 Bxg3 66. f5
Bf2 67. Kc4 Bc5 68. Kb5 b6 69. Kc6 Ke7 70. Kc7 Kf6 1/2-1/2

[Event "Hastings Masters"]
[Site "Hastings"]
[Date "2007.01.01"]
[Round "5.11"]
[White "Hebden, Mark"]
[Black "Rayner, Francis"]
[Result "1-0"]
[WhiteElo "2545"]
[BlackElo "2247"]
[PlyCount "73"]
[EventDate "2006.12.28"]
[SourceDate "2006.12.28"]

1. d4 Nf6 2. Nf3 g6 3. Nc3 d5 4. Bf4 Bg7 5. Qd2 Ne4 6. Nxe4 dxe4 7. Ne5 Be6 8.
e3 Nd7 9. Nxd7 Qxd7 10. c4 f5 11. h4 h6 12. f3 exf3 13. gxf3 Bf7 14. O-O-O Qa4
15. Kb1 O-O-O 16. b3 Qa3 17. Bd3 Rhe8 18. Qc2 e6 19. c5 e5 20. dxe5 Bxe5 21.
Bb5 Rxd1+ 22. Rxd1 c6 23. Qd2 Bd5 24. Bxe5 Rxe5 25. Qd4 Re8 26. Bc4 Qb4 27. Kb2
Qa5 28. Bxd5 cxd5 29. Qxd5 Qc7 30. h5 Qe5+ 31. Qxe5 Rxe5 32. hxg6 Rxe3 33. Rg1
Re8 34. Kc3 h5 35. Kd4 h4 36. g7 Rg8 37. Ke5 1-0

[Event "Hastings Masters"]
[Site "Hastings"]
[Date "2007.01.01"]
[Round "5.12"]
[White "Grant, Alan"]
[Black "Tahirov, Farhad"]
[Result "1/2-1/2"]
[WhiteElo "2206"]
[BlackElo "2545"]
[PlyCount "71"]
[EventDate "2006.12.28"]
[SourceDate "2006.12.28"]

1. e4 d6 2. d4 Nf6 3. Nc3 g6 4. Nf3 Bg7 5. h3 O-O 6. Be3 c6 7. a4 a5 8. Be2 Na6
9. O-O Nb4 10. Nd2 Nd7 11. f4 c5 12. Nf3 cxd4 13. Nxd4 Nc5 14. Bf3 Bd7 15. Qd2
Rc8 16. Rfd1 Qe8 17. Ndb5 b6 18. Rac1 Nxa4 19. Nxa4 Bxb5 20. Nxb6 Bxb2 21. Nxc8
Bxc1 22. Nxe7+ Qxe7 23. Rxc1 Bc6 24. c3 Na6 25. Rd1 Bxe4 26. Qxd6 Qxd6 27. Rxd6
Bxf3 28. Rxa6 Ra8 29. Ba7 Bc6 30. Rxa5 h5 31. g4 hxg4 32. hxg4 Kf8 33. Kf2 Ke7
34. Re5+ Kd7 35. Bc5 Re8 36. Rxe8 1/2-1/2

[Event "Hastings Masters"]
[Site "Hastings"]
[Date "2007.01.01"]
[Round "5.13"]
[White "Neverov, Valeriy"]
[Black "Eggleston, David"]
[Result "1-0"]
[WhiteElo "2538"]
[BlackElo "2239"]
[PlyCount "95"]
[EventDate "2006.12.28"]
[SourceDate "2006.12.28"]

1. d4 e6 2. c4 f5 3. g3 Nf6 4. Bg2 Be7 5. Nh3 O-O 6. b3 d6 7. Bb2 Qe8 8. Nf4
Bd8 9. Nd3 Nbd7 10. Nd2 e5 11. dxe5 dxe5 12. e4 fxe4 13. Nxe4 Nxe4 14. Bxe4 Nf6
15. Bg2 e4 16. Ne5 c6 17. O-O Bc7 18. Qd4 Bf5 19. Rae1 Rd8 20. Qc3 Qh5 21. f4
Rfe8 22. b4 Bh3 23. Bxh3 Qxh3 24. Qc2 Qh6 25. Re2 Qh5 26. c5 Bxe5 27. fxe5 Rxe5
28. Bxe5 Qxe5 29. Qc4+ Kh8 30. Qf7 Qd4+ 31. Kg2 e3 32. Qe7 h5 33. Qxe3 Qxe3 34.
Rxe3 Rd2+ 35. Rf2 Rxf2+ 36. Kxf2 Ng4+ 37. Kf3 Nxe3 38. Kxe3 Kg8 39. Ke4 Kf7 40.
Ke5 Ke7 41. h4 a6 42. Kf5 Kf7 43. a3 a5 44. bxa5 Ke7 45. Kg6 Ke6 46. Kxh5 Kf5
47. g4+ Kf6 48. a4 1-0

[Event "Hastings Masters"]
[Site "Hastings"]
[Date "2007.01.01"]
[Round "5.14"]
[White "Briscoe, Christopher"]
[Black "Ciuksyte, Dagne"]
[Result "1/2-1/2"]
[WhiteElo "2121"]
[BlackElo "2440"]
[PlyCount "84"]
[EventDate "2006.12.28"]
[SourceDate "2006.12.28"]

1. e4 c5 2. Nf3 e6 3. d4 cxd4 4. Nxd4 a6 5. Bd3 Qb6 6. Nb3 Qc7 7. Nc3 Nf6 8.
Qe2 d6 9. f4 Nbd7 10. Bd2 Be7 11. O-O-O b5 12. a3 h5 13. Kb1 Bb7 14. Rhf1 Rc8
15. g3 e5 16. h3 Nb6 17. g4 Nc4 18. g5 Nd7 19. Nd5 Bxd5 20. exd5 Ndb6 21. Bf5
Rb8 22. g6 Nxd5 23. gxf7+ Kf8 24. fxe5 dxe5 25. Ba5 Nxa5 26. Rxd5 Nc4 27. Rd7
Qb6 28. Nd4 Rh6 29. Bd3 Nd2+ 30. Qxd2 exd4 31. Qf4 Rb7 32. Rxb7 Qxb7 33. Qxd4
Rf6 34. Rxf6 Bxf6 35. Qc5+ Kxf7 36. Qxh5+ Ke7 37. Qe2+ Kf7 38. Qg4 Qh1+ 39. Ka2
Qd5+ 40. Kb1 Qh1+ 41. Ka2 Qd5+ 42. Kb1 Qh1+ 1/2-1/2

[Event "Hastings Masters"]
[Site "Hastings"]
[Date "2007.01.01"]
[Round "5.15"]
[White "McNab, Colin"]
[Black "Graf, Felix"]
[Result "1/2-1/2"]
[WhiteElo "2433"]
[BlackElo "2207"]
[PlyCount "85"]
[EventDate "2006.12.28"]
[SourceDate "2006.12.28"]

1. c4 e6 2. Nf3 Nf6 3. g3 b6 4. Bg2 Bb7 5. O-O c5 6. b3 Be7 7. Bb2 O-O 8. d3 d6
9. e4 Nc6 10. Nc3 a6 11. d4 e5 12. dxe5 dxe5 13. Nd5 Bd6 14. Qd3 Nd4 15. Nxd4
exd4 16. Nxf6+ gxf6 17. Rae1 Re8 18. Bc1 Bf8 19. h4 Qd7 20. Kh2 Re7 21. Bh3 Qc6
22. Bf5 Bc8 23. g4 Kh8 24. Rg1 Re8 25. Kh3 Bd6 26. Bh6 Bf8 27. Bd2 Bd6 28. Rg2
Bxf5 29. gxf5 Rg8 30. Reg1 Rxg2 31. Rxg2 Rg8 32. Rxg8+ Kxg8 33. Bh6 Kh8 34. Qf3
Qe8 35. Kg2 Qg8+ 36. Kf1 Bh2 37. Qg2 Qxg2+ 38. Kxg2 Bd6 39. Kf3 Kg8 40. Ke2 Be5
41. Kd3 Bd6 42. a3 a5 43. h5 1/2-1/2

[Event "Hastings Masters"]
[Site "Hastings"]
[Date "2007.01.01"]
[Round "5.16"]
[White "Knott, Simon"]
[Black "Schuurman, Petra"]
[Result "1/2-1/2"]
[WhiteElo "2375"]
[BlackElo "2238"]
[PlyCount "77"]
[EventDate "2006.12.28"]
[SourceDate "2006.12.28"]

1. Nf3 Nf6 2. c4 e6 3. Nc3 Bb4 4. Qc2 O-O 5. a3 Bxc3 6. Qxc3 b6 7. e3 Bb7 8.
Be2 d6 9. b4 Nbd7 10. Bb2 e5 11. d3 c5 12. O-O Qe7 13. Rae1 Rac8 14. b5 Rfe8
15. e4 Nf8 16. g3 Ra8 17. Nh4 Ne6 18. Nf5 Qf8 19. f4 Nd4 20. fxe5 dxe5 21. Qd2
Bc8 22. g4 Kh8 23. g5 Ng8 24. Bg4 Bxf5 25. Bxf5 Qd6 26. Re3 g6 27. Bg4 Rf8 28.
Kg2 a6 29. bxa6 Rxa6 30. h4 f6 31. Bd1 Raa8 32. Bxd4 cxd4 33. Ref3 Rxa3 34.
gxf6 Rxf6 35. Rxf6 Nxf6 36. h5 Ra8 37. Qg5 Rf8 38. hxg6 Qe7 39. gxh7 1/2-1/2

[Event "Hastings Masters"]
[Site "Hastings"]
[Date "2007.01.01"]
[Round "5.17"]
[White "Peek, Marcel"]
[Black "Muter, Donny"]
[Result "1/2-1/2"]
[WhiteElo "2367"]
[BlackElo "2146"]
[PlyCount "67"]
[EventDate "2006.12.28"]
[SourceDate "2006.12.28"]

1. d4 Nf6 2. c4 e6 3. Nf3 d5 4. Nc3 Bb4 5. cxd5 exd5 6. Qa4+ Nc6 7. Bg5 h6 8.
Bxf6 Qxf6 9. e3 O-O 10. Be2 Be6 11. O-O a6 12. Rfc1 Bd6 13. Qd1 Nd8 14. a3 c6
15. Na4 Bf5 16. Nc5 Qe7 17. Ne1 Ne6 18. Bd3 Bxd3 19. Ncxd3 Rfe8 20. Nf3 Nf8 21.
b4 Rac8 22. Qb3 Rc7 23. a4 Rec8 24. b5 cxb5 25. Rxc7 Qxc7 26. axb5 Qc4 27. Qb1
axb5 28. Qf1 Rc7 29. Nfe5 Qc3 30. Rc1 Qa5 31. Ra1 Qd2 32. Rd1 Qa5 33. Ra1 Qd2
34. Rd1 1/2-1/2

[Event "Hastings Masters"]
[Site "Hastings"]
[Date "2007.01.01"]
[Round "5.18"]
[White "Furman, Boris"]
[Black "Vul, Arkadi"]
[Result "1/2-1/2"]
[WhiteElo "2263"]
[BlackElo "2365"]
[PlyCount "21"]
[EventDate "2006.12.28"]
[SourceDate "2006.12.28"]

1. d4 d5 2. c4 e6 3. Nc3 c6 4. Bf4 dxc4 5. a4 Nf6 6. e3 b5 7. axb5 cxb5 8. Nxb5
Bb4+ 9. Nc3 Nd5 10. Nge2 Nc6 11. g4 1/2-1/2

[Event "Hastings Masters"]
[Site "Hastings"]
[Date "2007.01.01"]
[Round "5.19"]
[White "Ashton, Adam"]
[Black "Hagesaether, Arne"]
[Result "1-0"]
[WhiteElo "2304"]
[BlackElo "2178"]
[PlyCount "71"]
[EventDate "2006.12.28"]
[SourceDate "2006.12.28"]

1. e4 c6 2. d4 d5 3. exd5 cxd5 4. c4 Nf6 5. Nc3 Nc6 6. Bg5 e6 7. Nf3 Be7 8. c5
Ne4 9. Bxe7 Qxe7 10. Bb5 Bd7 11. O-O O-O 12. Re1 f5 13. Bxc6 Bxc6 14. Ne5 Qh4
15. Qe2 Be8 16. f3 Ng5 17. Qf2 Qh6 18. b4 Nf7 19. Nxf7 Rxf7 20. Qe3 Qh4 21. Qf2
Qf6 22. a4 b6 23. Ne2 e5 24. dxe5 Qxe5 25. Nd4 Qc7 26. c6 Rf6 27. b5 g5 28. Ra2
Rh6 29. Qg3 f4 30. Qxg5+ Rg6 31. Qe7 Qc8 32. Re6 Rg7 33. Qf6 Bf7 34. Nf5 Rg6
35. Ne7+ Kf8 36. Nxg6+ 1-0

[Event "Hastings Masters"]
[Site "Hastings"]
[Date "2007.01.01"]
[Round "5.21"]
[White "Mansson, James"]
[Black "Prosviriakov, Vladimir"]
[Result "0-1"]
[WhiteElo "2120"]
[BlackElo "2346"]
[PlyCount "108"]
[EventDate "2006.12.28"]
[SourceDate "2006.12.28"]

1. e4 e5 2. Nf3 Nc6 3. Bb5 a6 4. Ba4 Nf6 5. O-O b5 6. Bb3 Bc5 7. c3 d6 8. a4
Bg4 9. d3 h6 10. Nbd2 O-O 11. h3 Bd7 12. Re1 Nh5 13. d4 exd4 14. cxd4 Bb4 15.
Re3 Nf4 16. Bc2 Ne7 17. Nh2 Neg6 18. Ndf1 c5 19. d5 Ne5 20. Rg3 Qf6 21. Ng4
Bxg4 22. hxg4 c4 23. Bxf4 Qxf4 24. Qc1 Qf6 25. g5 hxg5 26. Qxg5 Qxg5 27. Rxg5
Bc5 28. Nd2 Bd4 29. Rb1 bxa4 30. Nf3 Nxf3+ 31. gxf3 Rab8 32. Bxa4 Rxb2 33. Rxb2
Bxb2 34. Kf1 Rb8 35. Ke2 Bd4 36. Bc2 Rb2 37. Kd1 a5 38. f4 f6 39. Rg3 c3 40.
Rd3 Rb4 41. Bb3 a4 42. Ba2 Kf8 43. Kc1 Ke8 44. Rh3 Kd8 45. Rh8+ Kc7 46. Rh7 Rb2
47. Rxg7+ Kb6 48. Rd7 Rxa2 49. Rxd6+ Kb7 50. Rc6 Rxf2 51. Rc4 Be3+ 52. Kb1 c2+
53. Rxc2 Rxc2 54. Kxc2 Bxf4 0-1

[Event "Hastings Masters"]
[Site "Hastings"]
[Date "2007.01.01"]
[Round "5.22"]
[White "Eames, Robert"]
[Black "Donovan, Nigel"]
[Result "1-0"]
[WhiteElo "2311"]
[BlackElo "2119"]
[PlyCount "89"]
[EventDate "2006.12.28"]
[SourceDate "2006.12.28"]

1. e4 c5 2. c3 Nf6 3. e5 Nd5 4. Nf3 e6 5. Bc4 Nb6 6. Bb3 c4 7. Bc2 Nc6 8. O-O
d5 9. d4 cxd3 10. Qxd3 Qc7 11. Re1 Nd7 12. Bf4 f6 13. Nbd2 Ndxe5 14. Qe2 Bd6
15. Bxe5 Bxe5 16. Nxe5 Nxe5 17. f4 Nf7 18. Nb3 Bd7 19. Nd4 Qb6 20. Kh1 O-O-O
21. a4 Rde8 22. a5 Qd6 23. b4 Qxf4 24. Ba4 Bxa4 25. Rxa4 Kb8 26. b5 Qd6 27. Qb2
e5 28. Nc6+ Ka8 29. Nxa7 Kxa7 30. b6+ Kb8 31. a6 Qc6 32. Rea1 Re6 33. axb7 Qxb6
34. Rb4 Qe3 35. Qa3 Ree8 36. Qa8+ Kc7 37. b8=Q+ Rxb8 38. Ra7+ Kd6 39. Ra6+ Ke7
40. Rb7+ Rxb7 41. Qxb7+ Ke8 42. Re6+ Kd8 43. Qxd5+ Nd6 44. Rxd6+ Kc8 45. Rc6+
1-0

[Event "Hastings Masters"]
[Site "Hastings"]
[Date "2007.01.01"]
[Round "5.23"]
[White "Kulago, Alexander"]
[Black "Rudd, Jack"]
[Result "0-1"]
[WhiteElo "2114"]
[BlackElo "2310"]
[PlyCount "48"]
[EventDate "2006.12.28"]
[SourceDate "2006.12.28"]

1. Nf3 Nf6 2. c4 c5 3. Nc3 Nc6 4. d4 cxd4 5. Nxd4 g6 6. e4 d6 7. Be3 Ng4 8.
Nxc6 bxc6 9. Bg5 Bg7 10. Be2 Qb6 11. O-O Qxb2 12. Bxg4 Qxc3 13. Rc1 Qa5 14. c5
dxc5 15. Bxc8 Rxc8 16. Qg4 O-O 17. Bxe7 Rfe8 18. Rc2 c4 19. Rfc1 c3 20. Bg5 Rb8
21. Qf4 Rb4 22. f3 Rb2 23. Bf6 Bxf6 24. Qxf6 Qb6+ 0-1

[Event "Hastings Masters"]
[Site "Hastings"]
[Date "2007.01.01"]
[Round "5.24"]
[White "Kwiatkowski, Feliks"]
[Black "Griffiths, Ryan Rhys"]
[Result "1/2-1/2"]
[WhiteElo "2226"]
[BlackElo "2104"]
[PlyCount "54"]
[EventDate "2006.12.28"]
[SourceDate "2006.12.28"]

1. e4 c5 2. Nf3 d6 3. d4 cxd4 4. Nxd4 Nf6 5. Nc3 a6 6. a4 e5 7. Nf3 Be7 8. Bg5
Be6 9. Nd2 Qc7 10. Bd3 Nbd7 11. Qe2 Rc8 12. O-O O-O 13. Rfd1 h6 14. Bxf6 Nxf6
15. Nf1 Qb6 16. Rab1 Bg4 17. Nd5 Bxe2 18. Nxb6 Bxd1 19. Nxc8 Rxc8 20. Rxd1 d5
21. exd5 e4 22. Be2 Rxc2 23. Rd2 Rxd2 24. Nxd2 Bb4 25. Nc4 Nxd5 26. Ne5 Nb6 27.
b3 f6 1/2-1/2

[Event "Hastings Masters"]
[Site "Hastings"]
[Date "2007.01.01"]
[Round "5.25"]
[White "Hutchinson, Norman"]
[Black "Jackson, Oliver"]
[Result "0-1"]
[WhiteElo "2097"]
[BlackElo "2225"]
[PlyCount "54"]
[EventDate "2006.12.28"]
[SourceDate "2006.12.28"]

1. e4 c5 2. Nf3 e6 3. c3 Nf6 4. e5 Nd5 5. d4 cxd4 6. cxd4 b6 7. Nc3 Nxc3 8.
bxc3 Qc7 9. Bd2 d6 10. Bd3 Nd7 11. O-O dxe5 12. Ng5 Bb7 13. Qh5 g6 14. Qh3 Be7
15. Rae1 Qd8 16. f4 Bxg5 17. fxg5 O-O 18. Qh6 Qe7 19. Re3 Rfc8 20. Bb5 exd4 21.
cxd4 Rc2 22. Rf2 Nf8 23. d5 Rxd2 24. Rxd2 Qc5 25. Rde2 Qxb5 26. dxe6 Nxe6 27.
Qh3 Nf4 0-1

[Event "Hastings Masters"]
[Site "Hastings"]
[Date "2007.01.01"]
[Round "5.26"]
[White "Armstrong, Malcolm"]
[Black "Snape, Ian"]
[Result "1/2-1/2"]
[WhiteElo "2101"]
[BlackElo "2217"]
[PlyCount "134"]
[EventDate "2006.12.28"]
[SourceDate "2006.12.28"]

1. d4 c5 2. dxc5 e6 3. Nc3 Bxc5 4. Ne4 Nf6 5. Nxc5 Qa5+ 6. Qd2 Qxc5 7. Qg5 Qxg5
8. Bxg5 Nc6 9. Bxf6 gxf6 10. g3 d5 11. Bg2 Bd7 12. e3 Rc8 13. c3 Ne5 14. O-O-O
Bb5 15. Rd2 Nc4 16. Rd1 Nd6 17. h4 f5 18. Nh3 Ne4 19. Bxe4 fxe4 20. Nf4 Ke7 21.
Rd2 Rhd8 22. Rhd1 a5 23. Ne2 Bxe2 24. Rxe2 b5 25. Kb1 h5 26. Red2 {(=)} Rc4 27.
Rd4 Rdc8 28. Rxc4 Rxc4 29. Rd4 f5 30. Kc2 Kd6 31. Kd1 e5 32. Rd2 Rc7 33. Ke2
Rg7 34. Rd1 a4 35. a3 Kc5 36. Kd2 Rg6 37. Ke2 Kc4 38. Kd2 Rd6 39. Ke2 Rb6 40.
Kd2 Kb3 41. Kc1 Rd6 42. Rd2 Kc4 43. Kd1 Rg6 44. Ke2 Rg4 45. Kf1 Rg6 46. Ke2 f4
47. gxf4 exf4 48. exf4 Rg4 49. Ke3 Rxh4 50. Rd4+ Kc5 51. Rd1 Rh3+ 52. Ke2 Rf3
53. Rh1 Rxf4 54. Rxh5 Kc4 55. Rh7 Kb3 56. Rb7 Kxb2 57. Rxb5+ Kxc3 58. Rxd5 Kb3
59. Ke3 Rf3+ 60. Kxe4 Rxf2 61. Rd3+ Ka2 62. Kd4 Rb2 63. Kc4 Rb3 64. Rd1 Kb2 65.
Rh1 Rg3 66. Rd1 Rg4+ 67. Rd4 Rxd4+ 1/2-1/2

[Event "Hastings Masters"]
[Site "Hastings"]
[Date "2007.01.01"]
[Round "5.27"]
[White "Fowler, Simon"]
[Black "Salimbeni, George"]
[Result "1-0"]
[WhiteElo "2201"]
[BlackElo "1624"]
[PlyCount "115"]
[EventDate "2006.12.28"]
[SourceDate "2006.12.28"]

1. e4 e5 2. Nf3 Nc6 3. Bb5 a6 4. Ba4 Nf6 5. O-O b5 6. Bb3 Be7 7. Re1 O-O 8. d4
Nxd4 9. Bxf7+ Rxf7 10. Nxe5 Rf8 11. Qxd4 Bb7 12. c4 d6 13. Nf3 Ng4 14. Nc3 Bf6
15. Qd3 Bxc3 16. Qxc3 Qf6 17. cxb5 Qxc3 18. bxc3 axb5 19. h3 Nf6 20. Nd2 Ra4
21. f3 Nd7 22. Nb3 Ne5 23. Nd4 b4 24. cxb4 Rxb4 25. Rd1 Ra8 26. Bf4 Nc4 27. Ne6
Rc8 28. Rab1 Rxb1 29. Rxb1 Bc6 30. Rc1 Na5 31. Bd2 Bd7 32. Nxc7 Nb7 33. Nd5
Rxc1+ 34. Bxc1 Nc5 35. Bf4 Nb7 36. Nb6 Be6 37. a4 Kf7 38. Bd2 Ke7 39. a5 Nc5
40. Bg5+ Ke8 41. Be3 Na6 42. Bd4 Kf7 43. Kf2 h5 44. Ke3 g5 45. Kd2 g4 46. hxg4
hxg4 47. f4 Ke7 48. Ke3 Kd8 49. f5 Bb3 50. Kf4 Bc2 51. Nc4 Kd7 52. Ne3 Bd3 53.
Nxg4 Kc6 54. f6 Bc4 55. Kf5 Kb5 56. Kg6 Kxa5 57. f7 Bxf7+ 58. Kxf7 1-0

[Event "Hastings Masters"]
[Site "Hastings"]
[Date "2007.01.01"]
[Round "5.28"]
[White "Lunn, Timothy"]
[Black "Anderson, John"]
[Result "1/2-1/2"]
[WhiteElo "2079"]
[BlackElo "2199"]
[PlyCount "46"]
[EventDate "2006.12.28"]
[SourceDate "2006.12.28"]

1. d4 Nf6 2. c4 c6 3. Nc3 d5 4. e3 e6 5. Nf3 Nbd7 6. Qc2 Bd6 7. g4 h6 8. h3
dxc4 9. Bxc4 b5 10. Bd3 Bb7 11. e4 Be7 12. a3 a6 13. e5 Nd5 14. Nxd5 cxd5 15.
Bd2 Rc8 16. Qd1 Nb8 17. Kf1 Nc6 18. b4 Qb6 19. Kg2 O-O 20. Bb1 Nb8 21. Bxh6 f5
22. exf6 Rxf6 23. Be3 Rxf3 1/2-1/2

[Event "Hastings Masters"]
[Site "Hastings"]
[Date "2007.01.01"]
[Round "5.29"]
[White "Mulligan, Stephen"]
[Black "Poobalasingam, Peter"]
[Result "1/2-1/2"]
[WhiteElo "2199"]
[BlackElo "2077"]
[PlyCount "85"]
[EventDate "2006.12.28"]
[SourceDate "2006.12.28"]

1. d4 Nf6 2. Nf3 g6 3. g3 Bg7 4. Bg2 O-O 5. O-O d5 6. c4 dxc4 7. Na3 Nbd7 8.
Nxc4 Nb6 9. b3 Nxc4 10. bxc4 c5 11. Bb2 cxd4 12. Nxd4 Bd7 13. Qb3 Rb8 14. a4
Qc8 15. Rfd1 Bh3 16. Bh1 Nd7 17. Rac1 Nc5 18. Qb4 Bd7 19. Nb5 a6 20. Bxg7 Kxg7
21. Nc3 e6 22. a5 Qc7 23. Ne4 Nxe4 24. Bxe4 Bc6 25. Bxc6 Qxc6 26. Rd6 Qe4 27.
Qb2+ Kg8 28. c5 Rbd8 29. Qd2 Rc8 30. e3 h5 31. h4 Qf5 32. Qd4 Qf3 33. Qd2 Qe4
34. Rd7 Rc6 35. Qd4 Qf3 36. Rd1 Qf5 37. Rc1 Rfc8 38. Rd8+ Rxd8 39. Qxd8+ Kg7
40. Qe7 Qd5 41. Qxb7 Rxc5 42. Qb2+ Qe5 43. Qxe5+ 1/2-1/2

[Event "Hastings Masters"]
[Site "Hastings"]
[Date "2007.01.01"]
[Round "5.30"]
[White "Pickersgill, Adrian"]
[Black "Sugden, John"]
[Result "1/2-1/2"]
[WhiteElo "2093"]
[BlackElo "2158"]
[PlyCount "72"]
[EventDate "2006.12.28"]
[SourceDate "2006.12.28"]

1. e4 c6 2. d4 d5 3. f3 Nf6 4. Nc3 e6 5. Bg5 Be7 6. e5 Nfd7 7. Bxe7 Qxe7 8. f4
O-O 9. Nf3 a6 10. Bd3 f6 11. O-O c5 12. Qe1 c4 13. Be2 f5 14. Nd1 b5 15. c3 Nc6
16. Ne3 Nb6 17. Nh4 b4 18. g4 g6 19. g5 Bd7 20. Rf3 Rfb8 21. Nhg2 bxc3 22. bxc3
Na4 23. h4 Be8 24. Rh3 Ra7 25. h5 Nb2 26. hxg6 Bxg6 27. Rh6 Qa3 28. Nh4 Rg7 29.
Nxg6 hxg6 30. Nc2 Qa4 31. Ne3 Qa5 32. Rb1 Qxa2 33. Ra1 Qb3 34. Rxa6 Qb5 35. Ra1
Qb3 36. Bd1 Nxd1 1/2-1/2

[Event "Hastings Masters"]
[Site "Hastings"]
[Date "2007.01.01"]
[Round "5.31"]
[White "Henrichsen, Jens"]
[Black "Grooten, Herman"]
[Result "0-1"]
[WhiteElo "2089"]
[BlackElo "2387"]
[PlyCount "62"]
[EventDate "2006.12.28"]
[SourceDate "2006.12.28"]

1. d4 Nf6 2. c4 e6 3. Nf3 b6 4. g3 Ba6 5. b3 Bb4+ 6. Bd2 Be7 7. Bg2 Bb7 8. Nc3
d5 9. cxd5 exd5 10. O-O O-O 11. Qc2 Na6 12. Rad1 Re8 13. Bf4 c6 14. Qb2 Nc7 15.
b4 Ne6 16. Be3 Bd6 17. Rb1 Qe7 18. Rfd1 b5 19. a4 a6 20. a5 g6 21. Bd2 Rad8 22.
Bc1 Bc8 23. Ng5 Ng7 24. e4 h6 25. Nxf7 Kxf7 26. e5 Bxe5 27. dxe5 Qxe5 28. Bf4
Qe7 29. Rbc1 Ne6 30. Be5 Ng4 31. f4 Qa7+ 0-1